[Event "It (open) \"]
[Site "masterchessopen.com St. Petersburg (Russia)"]
[Date "2006.11.05"]
[Round "6"]
[White "Biriukov Oleg V (RUS)"]
[Black "Gorjunov Sergey (RUS)"]
[Result "1-0"]
[WhiteElo "2374"]
[BlackElo "2102"]

1.d4 e6 2.c4 Nf6 3.Nc3 Bb4 4.Qc2 d5 5.a3 Bxc3+ 6.Qxc3 Ne4 7.Qc2 c5 8.dxc5 Nc6
9.cxd5 exd5 10.Nf3 Qa5+ 11.Bd2 Qxc5 12.Qxc5 Nxc5 13.Be3 Nb3 14.Rd1 Be6 15.Rd3
d4 16.Nxd4 Nbxd4 17.Bxd4 Nxd4 18.Rxd4 Rc8 19.Kd2 Ke7 20.e3 Rc5 21.Bd3 Rhc8
22.Ra1 R8c7 23.Be4 b6 24.a4 Bc8 25.Rb1 Ba6 26.b4 Rc3 27.b5 Bc8 28.Bc6 Ra3
29.Rc1 Bf5 30.e4 Be6 31.Rc3 Ra2+ 32.Ke3 g5 33.e5 Bf5 34.g4 Be6 35.Kf3 Rc8
36.Rcd3 a6 37.Bb7 Rcc2 38.bxa6 Rxf2+ 39.Kg3 h5 40.h4 gxh4+ 41.Kxh4 f6 42.exf6+
Kxf6 43.a7 Rh2+ 44.Rh3 Rxh3+ 45.Kxh3 Bxg4+ 46.Kg3 Ra3+ 47.Kf4 Ra1 48.a8=Q {#r}
1-0

[Event "Ch Norway (team) 2006/07"]
[Site "masterchessopen.com Norway"]
[Date "2006.11.11"]
[Round "2"]
[White "Harestad Hans Krogh (NOR)"]
[Black "Hammer Jon Ludvig (NOR)"]
[Result "0-1"]
[WhiteElo "2236"]
[BlackElo "2380"]

1.d4 Nf6 2.c4 e6 3.Nc3 Bb4 4.Qc2 d5 5.a3 Bxc3+ 6.Qxc3 Ne4 7.Qc2 c5 8.dxc5 Nc6
9.Nf3 Qa5+ 10.Bd2 Qxc5 11.e3 Nxd2 12.Nxd2 d4 13.b4 Qe7 14.Bd3 dxe3 15.fxe3
Qh4+ 16.g3 Qg5 17.O-O-O Qxe3 18.Rhe1 Qh6 19.Kb1 O-O 20.Nf3 f6 21.Re4 g6 22.g4
e5 23.b5 Nd8 24.g5 Qh5 25.Qe2 Bg4 26.Rxg4 Qxg4 27.Rg1 Qe6 28.Be4 Kg7 29.h4 a6
30.gxf6+ Rxf6 31.Bd5 Qe7 32.Qb2 axb5 33.cxb5 Qxa3 34.Nxe5 {#R} 0-1

[Event "Ch Norway (team) 2006/07"]
[Site "masterchessopen.com Norway"]
[Date "2006.11.11"]
[Round "2"]
[White "Johannessen Leif Erlend (NOR)"]
[Black "Fossan Erik (NOR)"]
[Result "1-0"]
[WhiteElo "2551"]
[BlackElo "2382"]

1.d4 Nf6 2.c4 e6 3.Nc3 Bb4 4.Qc2 d5 5.a3 Bxc3+ 6.Qxc3 Ne4 7.Qc2 Nc6 8.e3 e5
9.f3 Nf6 10.dxe5 Nxe5 11.cxd5 Qxd5 12.e4 Qc6 13.Qxc6+ Nxc6 14.Be3 Bd7 15.Ne2
O-O-O 16.O-O-O Be6 17.Nd4 Nxd4 18.Rxd4 Rxd4 19.Bxd4 Rd8 20.Bc3 Bb3 21.Be2 Ne8
22.g4 f6 23.h4 Kd7 24.g5 Ke6 25.Rg1 f5 26.exf5+ Kxf5 27.Rg4 Rd7 28.Rb4 Bd5
29.Bd3+ Ke6 30.Bxh7 Bxf3 31.Bc2 Nd6 32.Rf4 Bd5 33.g6 Re7 34.h5 c5 35.Bxg7 Rxg7
36.h6 {#r} 1-0

[Event "It (cat.9)"]
[Site "masterchessopen.com Geneva (Switzerland)"]
[Date "2007.01.23"]
[Round "4"]
[White "Khenkin Igor (GER)"]
[Black "Landenbergue Claude (SUI)"]
[Result "1-0"]
[WhiteElo "2600"]
[BlackElo "2452"]

1.d4 Nf6 2.c4 e6 3.Nc3 Bb4 4.Qc2 d5 5.a3 Bxc3+ 6.Qxc3 Ne4 7.Qc2 c5 8.dxc5 Nc6
9.e3 Qa5+ 10.Bd2 Qxc5 11.b4 Qe7 12.Bc1 O-O 13.Nf3 Ng5 14.Bb2 dxc4 15.Nd2 e5
16.h4 Ne6 17.Nxc4 f6 18.Bd3 h6 19.Rd1 Kh8 20.Be4 Rd8 21.O-O Rd7 22.b5 Ncd8
23.a4 Nc5 24.Ba3 Nde6 25.Rxd7 Qxd7 26.Nxe5 fxe5 27.Bxc5 {#r} 1-0

[Event "It (open)"]
[Site "masterchessopen.com Cappelle la Grande (France)"]
[Date "2007.03.06"]
[Round "5"]
[White "Golod Vitali (ISR)"]
[Black "Moranda Wojciech (POL)"]
[Result "1-0"]
[WhiteElo "2589"]
[BlackElo "2533"]

1.d4 Nf6 2.c4 e6 3.Nc3 Bb4 4.Qc2 d5 5.a3 Bxc3+ 6.Qxc3 Ne4 7.Qc2 c5 8.dxc5 Nc6
9.e3 Qa5+ 10.Bd2 Nxd2 11.Qxd2 Qxc5 12.b4 Qe7 13.c5 O-O 14.Nf3 Rd8 15.b5 Qf6
16.Rc1 Ne5 17.Nxe5 Qxe5 18.f4 Qc7 19.Be2 e5 20.fxe5 Qxe5 21.Qd4 Qe7 22.O-O b6
23.a4 bxc5 24.Rxc5 Be6 25.a5 Rd7 26.Rfc1 Rad8 27.b6 axb6 28.axb6 Rb8 29.Rc8+
Rd8 30.Rxb8 Rxb8 31.Qe5 Qb7 32.Rc6 Rc8 33.Rxc8+ Qxc8 34.Bg4 Bxg4 35.b7 Qc1+
36.Kf2 Qd2+ 37.Kg3 Qe1+ 38.Kxg4 {#r} 1-0

[Event "Ch Russia (juniors) (under 20)"]
[Site "masterchessopen.com St. Petersburg (Russia)"]
[Date "2007.03.13"]
[Round "4"]
[White "Iljin Artem (RUS)"]
[Black "Khairullin Ildar (RUS)"]
[Result "1-0"]
[WhiteElo "2565"]
[BlackElo "2567"]

{ Iljin Artem (RUS) +1 =0 -0 } 1.d4 Nf6 2.c4 e6 3.Nc3 Bb4 4.Qc2 d5 5.a3 Bxc3+
6.Qxc3 Ne4 7.Qc2 c5 8.dxc5 Nc6 9.cxd5 exd5 10.Nf3 Bf5 11.b4 { ?/= } 11...d4 (
11...O-O 12.Bb2 Re8 13.Rd1 b6 14.e3 bxc5 15.Bb5 Re6 16.Qb3 Ne7 17.Be2 Bg4
18.h3 Bh5 19.O-O Rb8 20.Ba1 Qf8 21.Qa4 Rg6 22.Rfe1 Bxf3 23.Bxf3 Ng5 24.Bg4 h5
25.Bxh5 Nxh3+ 26.Kf1 Rh6 27.Bf3 Ng5 28.Bxd5 cxb4 29.axb4 Rh1+ 30.Ke2 Rh4 31.f4
{ ...0-1, Macieja Bartlomiej 2592 - Aronian Levon 2724 , Merida 28. 8.2005 Ch
Spain (team) (Honor div1) } ) 12.g4 Bg6 13.Qc4 d3 ( 13...Qe7 14.Bg2 Rd8 15.O-O
h5 16.g5 h4 17.h3 Bf5 18.Bf4 f6 19.gxf6 Qxf6 20.b5 Be6 21.Qc1 Ne7 22.Be5 Qg6
23.Kh2 Nf5 24.Rg1 O-O 25.Bh1 Qh5 26.Rg2 d3 27.Qb2 Rf7 28.Rag1 dxe2 29.Bxg7
Qxf3 30.Bf6+ Neg3 31.Bxd8 Kh7 32.Qb1 Nf1+ 33.Rxf1 { ...1-0, Furman Semen 2550
- Averbakh Yuri L 2445 , Moscow 1948 Ch URS } ) 14.Bg2 ( 14.Be3 Qf6 15.Rd1 Rd8
16.g5 Qf5 17.Bg2 d2+ 18.Nxd2 Nxd2 19.Bxd2 O-O 20.Qf4 Qe6 21.Bxc6 bxc6 22.Rc1
f6 23.Rg1 fxg5 24.Qc4 Rd5 25.Rxg5 Re8 26.Be3 Be4 27.Rxd5 Bxd5 28.Qd4 h6 29.Rc3
Qg6 30.f3 Qh5 31.h4 Re6 32.Kf2 Kh7 33.a4 a6 { ...1/2-1/2, Topalov Veselin 2757
- Anand Viswanathan 2781 , Bastia 2003 It (active) (knockout system) "Corsica
Masters" } ) 14...Qf6 15.Ra2 Ne5 16.g5 ( 16.Qb5+ Nc6 17.Qc4 Ne5 18.Qb5+ Nc6 {
1/2-1/2, Kramnik Vladimir 2760 - Anand Viswanathan 2771 , Dortmund 1999 It
(cat.19) } ) 16...Qf5 ( 16...Nxc4 17.gxf6 Nc3 18.fxg7 Rg8 19.Ra1 O-O-O 20.Bh3+
Kb8 21.Bf4+ Ka8 22.Rc1 dxe2 23.Rxc3 { 1-0, Van Wely Loek 2655 - Antonio
Rogelio Jr 2539 , Turin 2. 6.2006 Olympiad } ) 17.Qd4 Nxf3+ { +0.22 CAP } (
17...Nc6 18.Qc4 Ne5 19.Qd4 Nxf3+ 20.Bxf3 Qe6 21.Rb2 O-O 22.O-O Rad8 23.Qe3 d2
24.Rxd2 Nxd2 25.Bxd2 Qc4 26.Rc1 Qa2 27.Be1 Rfe8 28.Rd1 h5 29.Rxd8 Rxd8 30.Kf1
Rd1 31.Qc3 Qb1 32.Bxb7 Rc1 33.Qd2 Rd1 34.Qc3 Bf5 35.f3 Rc1 36.Qd2 Rd1 37.Qc3 {
...1/2-1/2, Lysyj Igor 2547 - Smirnov Pavel 2613 , Tomsk 9. 9.2006 Ch Russia }
) 18.exf3 { N } ( 18.Bxf3 Qe6 19.Rb2 O-O 20.O-O Rad8 21.Qe3 d2 22.Rxd2 Nxd2
23.Bxd2 Qc4 24.Rc1 Qa2 25.Be1 Rfe8 26.Rd1 h5 27.Rxd8 Rxd8 28.Kf1 Rd1 29.Qc3
Qb1 30.Bxb7 Rc1 31.Qd2 Rd1 32.Qc3 Bf5 33.f3 Rc1 34.Qd2 Rd1 35.Qc3 Rc1 36.Qd2
Rd1 { 1/2-1/2, Lysyj Igor 2547 - Smirnov Pavel 2613 , Tomsk 9. 9.2006 Ch
Russia } ) 18...Qe6 { ?! } ( 18...Nxg5 { !? } 19.Qe3+ { } ) 19.fxe4 Qxa2
20.Qe5+ Qe6 21.Bb2 d2+ { ?! } ( 21...Rg8 { !? } 22.Kd2 Rd8 23.Rg1 Kf8 24.Qxe6
fxe6 25.Be5 Kf7 26.Bd6 h6 { } ) 22.Ke2 Bh5+ 23.f3 Qxe5 24.Bxe5 f6 25.gxf6 gxf6
26.Bd6 f5 { ?! } ( 26...a5 { !? } 27.b5 Rg8 28.Bh3 Rd8 29.Rd1 Bf7 30.Kxd2 Bc4
31.a4 Kf7 { } ) 27.e5 Kd7 28.Rd1 Ke6 29.Kf2 Be8 30.Rxd2 { ?! } ( 30.Bf1 { !? }
30...Bc6 31.Rxd2 Bd5 32.Kg3 Rhg8+ 33.Kf4 Rg7 34.Bd3 Rf7 35.Rg2 a5 36.b5 Kd7
37.Rg5 { } ) 30...Bc6 { ? } ( 30...Bb5 31.Ke3 Rhg8 32.Kf4 Rg7 33.Bh3 Rf7
34.Ra2 a5 35.Rd2 axb4 { } ) 31.Bf1 Bd5 32.Ke3 Rhg8 33.Kf4 Rg7 34.Bd3 Rf7
35.Rg2 Bb3 36.Rg5 Kd5 37.Rxf5 Kd4 38.Be4 Rxf5+ 39.Kxf5 Bd5 40.Bxd5 Kxd5 41.e6
Rg8 42.e7 Kc6 43.Ke4 { } {#r} 1-0

[Event "It \"]
[Site "masterchessopen.com Frydek-Mistek (Czech Republic)"]
[Date "2007.04.07"]
[Round "6"]
[White "Plischki Sebastian (GER)"]
[Black "Lahner Jakub (CZE)"]
[Result "1-0"]
[WhiteElo "2357"]
[BlackElo "2314"]

1.d4 Nf6 2.c4 e6 3.Nc3 Bb4 4.Qc2 d5 5.a3 Bxc3+ 6.Qxc3 Ne4 7.Qc2 Nc6 8.e3 e5
9.f3 Nf6 10.dxe5 Nxe5 11.cxd5 Qxd5 12.e4 Qa5+ 13.Bd2 Qb6 14.Qc3 Nc6 15.Be3 Qa5
16.Rc1 Qxc3+ 17.Rxc3 Bd7 18.Ne2 O-O 19.Nd4 Nxd4 20.Bxd4 c6 21.Be2 Be6 22.Kf2
Rfd8 23.Rd1 Rd7 24.Be3 Rxd1 25.Bxd1 Rd8 26.Be2 a6 27.Rd3 Rxd3 28.Bxd3 Nd7
29.f4 f6 30.b4 Kf7 31.Bc5 Bb3 32.Ke3 Be6 33.Bd6 Bb3 34.Kd4 Ke6 35.Bc7 Kf7
36.Kc3 Be6 37.f5 {#r} 1-0

[Event "It (cat.7)"]
[Site "masterchessopen.com Alushta (Ukraine)"]
[Date "2007.06.06"]
[Round "6"]
[White "Shishkin Vadim (UKR)"]
[Black "Amanov Mesgen (TKM)"]
[Result "1-0"]
[WhiteElo "2530"]
[BlackElo "2347"]

1.d4 Nf6 2.c4 e6 3.Nc3 Bb4 4.Qc2 d5 5.a3 Bxc3+ 6.Qxc3 Ne4 7.Qc2 c5 8.dxc5 Nc6
9.Nf3 e5 10.cxd5 Qxd5 11.Be3 f5 12.g3 Be6 13.Bg2 Qb3 14.Qxb3 Bxb3 15.Nd2 Nxd2
16.Kxd2 a5 17.a4 O-O-O+ 18.Kc3 Bd5 19.f3 Nd4 20.Rhe1 Bc6 21.b3 Rd5 22.Bxd4
exd4+ 23.Kd2 Re8 24.f4 Rd7 25.Bxc6 bxc6 26.b4 axb4 27.Rab1 {#r} 1-0

[Event "Ch Bosnia & Herzegovina (team)"]
[Site "masterchessopen.com Vogosca (Bosnia & Herzegovina)"]
[Date "2007.06.06"]
[Round "5"]
[White "Ivanisevic Ivan (SRB)"]
[Black "Almasi Zoltan (HUN)"]
[Result "0-1"]
[WhiteElo "2607"]
[BlackElo "2691"]

{ Almasi Zoltan (HUN) +1 =0 -0 } 1.d4 Nf6 2.c4 e6 3.Nc3 Bb4 4.Qc2 d5 5.a3
Bxc3+ 6.Qxc3 Ne4 7.Qc2 c5 8.dxc5 Nc6 9.e3 Qa5+ 10.Bd2 Qxc5 ( 10...Nxd2 11.Qxd2
dxc4 12.Bxc4 Qxc5 13.Rc1 Qa5 14.Rc3 O-O 15.Nf3 Rd8 16.Qc2 Ne5 17.Nxe5 Qxe5
18.Bd3 f5 19.O-O Bd7 20.Rc1 Bc6 21.b4 Rd7 22.Rc5 Rd5 23.Be2 Rxc5 24.Qxc5 Qxc5
25.Rxc5 Rd8 26.f3 Kf8 27.Kf2 Ke7 28.Ke1 Kd6 { 1/2-1/2, Kramnik Vladimir 2760 -
Gelfand Boris 2713 , Monaco 1999 It "Melody Amber" (active) } ) 11.b4 Qe7 { =
} 12.Bc1 ( 12.Bc3 Nxc3 { +0.41 CAP } ) 12...a5 ( 12...O-O 13.Nf3 Ng5 14.Bb2
dxc4 15.Nd2 e5 16.h4 Ne6 17.Nxc4 f6 18.Bd3 h6 19.Rd1 Kh8 20.Be4 Rd8 21.O-O Rd7
22.b5 Ncd8 23.a4 Nc5 24.Ba3 Nde6 25.Rxd7 Qxd7 26.Nxe5 fxe5 27.Bxc5 { 1-0,
Khenkin Igor 2611 - Landenbergue Claude 2450 , Geneva 23. 1.2007 It (cat.9) }
) 13.b5 Ne5 14.Bb2 Ng4 15.Nh3 O-O 16.Be2 e5 17.O-O { N } ( 17.cxd5 Ngf6 18.Bd3
Nd6 19.O-O Bxh3 20.gxh3 Rac8 21.Qe2 e4 22.Bc2 Nxd5 23.Rad1 Nc3 24.Bxc3 Rxc3
25.a4 Nf5 26.Qg4 Nh4 27.Bb1 f5 28.Qg3 Ra3 29.Rc1 Nf3+ 30.Kh1 Ne5 31.b6 Nc6
32.Rcd1 Rxa4 33.f3 exf3 34.Qxf3 g6 35.e4 Ra3 36.Qg2 f4 { ...0-1, Drozdovskij
Yuri 2562 - Almasi Zoltan 2669 , Dresden 5. 4.2007 Ch Europe } ) 17...Ngf6
18.f4 Bxh3 19.fxe5 Ng4 20.cxd5 f5 21.exf6 { ?! } ( 21.Bd4 { !? } 21...Nxe5
22.gxh3 Qd6 23.Qa2 Rac8 24.Qb2 Rce8 25.Qa2 Rc8 26.Qb2 Rce8 27.Qa2 Rc8 { } )
21...Nexf6 22.Rf3 Bxg2 23.Bc4 Bxf3 24.d6+ Qf7 25.Bxf7+ Rxf7 26.Rc1 Nd7 { ?! }
( 26...Raf8 { !? } 27.h3 Nxe3 28.Qd3 Nfd5 29.Bd4 Ng2 30.Be5 Nh4 31.Bg3 Ng2
32.Be5 Nh4 33.Bg3 Ng2 { } ) 27.Qb3 Re8 28.Bd4 Nge5 29.Rc7 Be4 30.Bxe5 Rxe5
31.h4 Rd5 32.Rc8+ Nf8 33.Re8 { ?! } ( 33.Rc7 { !? } 33...Nd7 34.Rc8+ Nf8
35.Rc7 Rf6 36.Qc4 Rg6+ 37.Kf2 Rg2+ 38.Ke1 Rg1+ 39.Kf2 Rg2+ 40.Ke1 Rg1+ 41.Kf2
{ } ) 33...Bf3 34.e4 Rxd6 35.Qc4 Rg6+ 36.Kh2 Bg4 37.h5 Rh6 38.Kg3 Be6 39.Qc5
Rhf6 40.Qe5 h6 41.a4 Rf3+ 42.Kg2 Rf2+ 43.Kg1 Bh3 44.Qd5 Kh7 45.Qc4 Rg2+ 46.Kh1
Rff2 47.Rxf8 Rh2+ { -156.50 CAP } {#R} 0-1

[Event "It (cat.4)"]
[Site "masterchessopen.com Antwerpen (Belgium)"]
[Date "2007.07.07"]
[Round "8"]
[White "De Jong Jan Willem (NED)"]
[Black "Dutreeuw Marc (BEL)"]
[Result "1-0"]
[WhiteElo "2445"]
[BlackElo "2391"]

1.d4 e6 2.c4 Nf6 3.Nc3 Bb4 4.Qc2 d5 5.a3 Bxc3+ 6.Qxc3 Ne4 7.Qc2 c5 8.dxc5 Nc6
9.cxd5 exd5 10.Nf3 Bf5 11.b4 O-O 12.Bb2 b6 13.b5 bxc5 14.bxc6 Qa5+ 15.Nd2 Rab8
16.c7 Rb6 17.O-O-O Ng3 18.e4 Nxh1 19.exf5 Nxf2 20.Re1 d4 21.Re5 Rc6 22.Nc4
{#r} 1-0

[Event "It (open)"]
[Site "masterchessopen.com Oberwart (Austria)"]
[Date "2007.07.09"]
[Round "3"]
[White "Khmelniker Ilya (ISR)"]
[Black "Gajewski Grzegorz (POL)"]
[Result "1-0"]
[WhiteElo "2427"]
[BlackElo "2573"]

1.d4 Nf6 2.c4 e6 3.Nc3 Bb4 4.Qc2 d5 5.a3 Bxc3+ 6.Qxc3 Ne4 7.Qc2 c5 8.dxc5 Nc6
9.e3 O-O 10.Nf3 Qa5+ 11.Bd2 Nxd2 12.Qxd2 dxc4 13.Qxa5 Nxa5 14.Rc1 Bd7 15.Ne5
Ba4 16.Bxc4 Rfd8 17.b4 Nc6 18.Nd3 b5 19.Nb2 bxc4 20.Nxa4 Rd3 21.Nc3 Rad8 22.b5
Na5 23.c6 Nb3 24.Rd1 Rxd1+ 25.Nxd1 Kf8 26.Nc3 Ke7 27.Ke2 Rd2+ 28.Kf3 Rd3
29.Ne2 Nd2+ 30.Kf4 Rxa3 31.Rd1 c3 32.Nxc3 Rxc3 33.Rxd2 Rc4+ 34.Rd4 Rc5 35.Rd7+
Kf6 36.Rb7 Rc4+ 37.Kf3 a6 38.bxa6 Rxc6 39.a7 Ra6 40.Ke4 Ra4+ 41.Kd3 {#r} 1-0

[Event "It (open)"]
[Site "masterchessopen.com Predeal (Romania)"]
[Round "0"]
[White "Grigore George-Gabriel (ROM)"]
[Black "Grecescu Gabriel-Andrei (ROM)"]
[Result "1-0"]
[WhiteElo "2538"]
[BlackElo "2396"]

1.d4 Nf6 2.c4 e6 3.Nc3 Bb4 4.Qc2 d5 5.a3 Bxc3+ 6.Qxc3 Ne4 7.Qc2 c5 8.dxc5 Nc6
9.cxd5 exd5 10.Nf3 Bf5 11.b4 O-O 12.Qb2 Re8 13.e3 d4 14.Bb5 d3 15.Bxc6 bxc6
16.O-O Bg4 17.Nd4 Qg5 18.f3 d2 19.Bxd2 Bh3 20.Bc1 Nf6 21.e4 Qg6 22.Kh1 Bd7
23.Bf4 h5 24.b5 cxb5 25.c6 Be6 26.Qxb5 h4 27.Qg5 Qxg5 28.Bxg5 h3 29.Rfc1 hxg2+
30.Kxg2 Nh5 31.Nb5 Rab8 32.Rab1 Ba2 33.c7 Ra8 34.Rb2 Be6 35.Nd6 Rf8 36.Ra1
{#r} 1-0

[Event "It (open)"]
[Site "masterchessopen.com Abudhabi (United Arab Emirates)"]
[Date "2007.08.17"]
[Round "6"]
[White "Koneru Humpy (IND)"]
[Black "Sethuraman S P (IND)"]
[Result "1-0"]
[WhiteElo "2606"]
[BlackElo "2427"]

1.d4 Nf6 2.c4 e6 3.Nc3 Bb4 4.Qc2 d5 5.a3 Bxc3+ 6.Qxc3 Ne4 7.Qc2 c5 8.dxc5 Nc6
9.cxd5 exd5 10.Nf3 Qf6 11.e3 Bg4 12.Be2 O-O 13.O-O Rfe8 14.h3 Bf5 15.Qd1 Rad8
16.Nd4 Nxc5 17.Nxf5 Qxf5 18.b4 Ne6 19.Bb2 d4 20.Bd3 Qg5 21.f4 Qh6 22.exd4 Nxf4
23.Bc4 Ne5 24.Bb5 Re6 25.Qb3 Ned3 26.Bxd3 Nxh3+ 27.gxh3 Qe3+ 28.Kh2 Qd2+
29.Kh1 Qh6 30.Rf3 Rf6 31.Bf1 Rxf3 32.Qxf3 Rd6 33.Re1 {#r} 1-0

[Event "Ch Russia (Higher League)"]
[Site "masterchessopen.com Krasnoyarsk (Russia)"]
[Date "2007.09.04"]
[Round "2"]
[White "Lysyj Igor (RUS)"]
[Black "Sidorov Anatoly (RUS)"]
[Result "1-0"]
[WhiteElo "2591"]
[BlackElo "2453"]

1.d4 Nf6 2.c4 e6 3.Nc3 Bb4 4.Qc2 d5 5.a3 Bxc3+ 6.Qxc3 Ne4 7.Qc2 c5 8.dxc5 Nc6
9.cxd5 exd5 10.Nf3 Bf5 11.b4 O-O 12.Bb2 Ng3 13.Qc3 d4 14.Nxd4 Nxd4 15.fxg3 Ne6
16.e3 Be4 17.Bc4 Qg5 18.O-O Rad8 19.Rad1 h5 20.Rd2 Rxd2 21.Qxd2 Rd8 22.Qf2 Qg6
23.Bd4 Rd7 24.Rd1 a6 25.h3 Ng5 26.Kh2 Bc6 27.Bd3 Be4 28.Be2 Rd5 29.Rf1 Ne6
30.Bc4 Rd7 31.Rd1 Ng5 32.h4 Ne6 33.Rd2 Nd8 34.Qf4 Nc6 35.a4 Nd8 36.Qe5 Ne6
37.b5 axb5 38.axb5 Rd8 39.Rf2 Rd7 40.Bxe6 fxe6 41.Qb8+ Kh7 42.Rf8 Qg4 43.Qe8
{#r} 1-0

[Event "Memorial E.Geller (open)"]
[Site "masterchessopen.com Odessa (Ukraine)"]
[Date "2007.09.12"]
[Round "5"]
[White "Shishkin Vadim (UKR)"]
[Black "Podolchenko Evgeniy (BLR)"]
[Result "1-0"]
[WhiteElo "2530"]
[BlackElo "2460"]

{ Shishkin Vadim (UKR) +1 =1 -0 } 1.d4 Nf6 2.c4 e6 3.Nc3 Bb4 4.Qc2 d5 5.a3
Bxc3+ 6.Qxc3 Ne4 7.Qc2 c5 8.dxc5 Nc6 9.e3 Qa5+ 10.Bd2 Nxd2 11.Qxd2 dxc4
12.Qxa5 { = } ( 12.Bxc4 Qxc5 13.Rc1 Qa5 14.Rc3 O-O 15.Nf3 Rd8 16.Qc2 Ne5
17.Nxe5 Qxe5 18.Bd3 f5 19.O-O Bd7 20.Rc1 Bc6 21.b4 Rd7 22.Rc5 Rd5 23.Be2 Rxc5
24.Qxc5 Qxc5 25.Rxc5 Rd8 26.f3 Kf8 27.Kf2 Ke7 28.Ke1 Kd6 { 1/2-1/2, Kramnik
Vladimir 2760 - Gelfand Boris 2713 , Monaco 1999 It "Melody Amber" (active) }
) 12...Nxa5 13.Rc1 b5 14.cxb6 Bb7 15.bxa7 { +0.22 CAP } ( 15.Nf3 Ke7 16.Nd2
Rhc8 17.Be2 axb6 18.O-O b5 19.f3 Ra6 20.Rc2 Rd6 21.Kf2 Rcd8 22.Rd1 e5 23.Ke1
f5 24.Nb1 Rxd1+ 25.Bxd1 Rd3 26.Re2 { 1/2-1/2, Dao Thien Hai 2475 - Loginov
Valery A 2610 , Budapest 1994 It } ) 15...O-O { N } ( 15...Ke7 16.Ne2 Rxa7
17.Nc3 Rb8 18.Na2 Bd5 19.Nb4 Nc6 20.Nxc6+ Bxc6 21.Rxc4 Bd5 22.Rc2 Rb3 23.f3
Rxe3+ 24.Kd2 Rb3 25.Be2 g5 26.Kc1 g4 27.Rf1 h5 28.Bc4 Bxc4 29.Rxc4 Rab7 30.Rf2
f5 31.f4 Re3 32.Kc2 h4 33.Rc3 Re1 34.b4 Rd7 35.Kb3 { ...1-0, Drozdovskij Yuri
2567 - Sargissian Gabriel 2667 , Mainz 19. 8.2007 It (open) (active) "Ordix" }
) 16.Ne2 Rxa7 17.Nc3 Rb8 18.Na2 Bd5 19.Nb4 Rb6 20.f3 f5 21.Be2 Rab7 22.Rd1 Nc6
{ ?! } ( 22...Rb5 { !? } 23.Rg1 Rc5 24.g4 fxg4 25.Rxg4 c3 26.bxc3 Rxc3 27.Nxd5
{ } ) 23.Nxd5 exd5 24.Rxd5 Rxb2 25.Bxc4 Kh8 26.O-O g6 27.Rc1 Ne7 28.Rc5 Ra7
29.Re5 Rc7 30.Rd1 Kg7 31.Rb5 Rc2 32.Bb3 Re2 33.a4 Rxe3 34.a5 Ra7 35.Ra1 Nc6
36.Bd5 Nd4 37.Rb7+ Rxb7 38.Bxb7 Nb5 39.a6 Na7 40.Rc1 Kf6 41.Rc7 Re7 42.Rxe7
Kxe7 43.Kf2 Kd6 44.Ke3 g5 45.f4 h6 46.g3 Ke6 47.Kd4 Kd6 48.Kc4 { } {#r} 1-0

[Event "It (active)"]
[Site "masterchessopen.com Beer-Sheva (Israel)"]
[Date "2007.10.20"]
[Round "6"]
[White "Khmelniker Ilya (ISR)"]
[Black "Greenfeld Alon (ISR)"]
[Result "1-0"]
[WhiteElo "2427"]
[BlackElo "2559"]

1.d4 Nf6 2.c4 e6 3.Nc3 Bb4 4.Qc2 d5 5.a3 Bxc3+ 6.Qxc3 Ne4 7.Qc2 c5 8.dxc5 Nc6
9.e3 Qa5+ 10.Bd2 Qxc5 11.b4 Qe7 12.Bc1 a5 13.b5 Ne5 14.Bb2 Ng4 15.Nh3 Qh4
16.g3 Qh6 17.Bg2 Nexf2 18.Nxf2 Nxe3 19.Qd2 Nxg2+ 20.Ke2 Qh5+ 21.Kf1 Qf3 22.Bc1
O-O 23.Qd3 Qxd3+ 24.Nxd3 dxc4 25.Ne5 f6 26.Nxc4 Bd7 27.a4 Rac8 28.Na3 Rxc1+
29.Rxc1 Ne3+ 30.Ke2 Nd5 31.Rhd1 Be8 32.Kf2 Bh5 33.Rd2 f5 34.Re1 Rf6 35.Kg1 h6
36.Nc4 f4 37.Nxa5 b6 38.Nc4 fxg3 39.hxg3 Rf3 40.Rxe6 Bf7 41.Rd6 Rxg3+ 42.Kf2
Rc3 43.Nxb6 {#r} 1-0

[Event "It \"]
[Site "masterchessopen.com Vitoria Gasteiz (Spain)"]
[Date "2007.11.13"]
[Round "9"]
[White "Kasimdzhanov Rustam (UZB)"]
[Black "Karpov Anatoly (RUS)"]
[Result "1-0"]
[WhiteElo "2690"]
[BlackElo "2670"]

{ Kasimdzhanov Rustam (UZB) +0 =3 -0 Karpov Anatoly (RUS) +0 =0 -1 } 1.d4 Nf6
2.c4 e6 3.Nc3 Bb4 4.Qc2 d5 5.a3 Bxc3+ 6.Qxc3 Ne4 7.Qc2 c5 8.dxc5 Nc6 9.cxd5 (
9.e3 Qa5+ 10.Bd2 Nxd2 11.Qxd2 dxc4 12.Bxc4 Qxc5 13.Rc1 Qg5 14.f4 Qh4+ 15.g3
Qe7 16.Nf3 O-O 17.e4 Bd7 18.O-O Rad8 19.Qe3 e5 20.f5 Nd4 21.Nxd4 exd4 22.Qxd4
Bxf5 23.Qxa7 Bxe4 24.Qe3 Rde8 25.Bb5 Bd5 26.Qxe7 Rxe7 27.Rc5 Be4 28.Rfc1 f5 {
...1/2-1/2, Kasimdzhanov Rustam 2682 - Eljanov Pavel 2675 , Sochi 8. 5.2007 Ch
Russia (club) } ) 9...exd5 { = } 10.e3 { -0.07 CAP } ( 10.Nf3 Bf5 11.b4 d4
12.g4 Bg6 13.Qb2 O-O 14.Bg2 Re8 15.O-O Nc3 16.Re1 h5 17.g5 Be4 18.Bd2 Ne5
19.Bxc3 Bxf3 20.exf3 dxc3 21.Qxc3 Qxg5 22.f4 Qxf4 23.Re4 { 1-0, Ivanchuk
Vassily 2750 - Anand Viswanathan 2779 , Monte Carlo 19. 3.2007 It "Amber"
(blindfold) } ) 10...Qa5+ { N } ( 10...Bf5 11.Bd3 Qg5 12.f3 Qh4+ 13.Kf1 Ng3+
14.hxg3 Bxd3+ 15.Qxd3 Qxh1 16.b4 O-O 17.Bb2 Rfe8 18.Kf2 Qh6 19.Ne2 Ne5 20.Qb3
a5 21.Bxe5 Rxe5 22.Rd1 axb4 23.axb4 Qa6 24.f4 Ree8 25.Rxd5 Rad8 26.Rxd8 Rxd8
27.Nd4 h5 28.b5 Qa5 29.c6 bxc6 30.bxc6 { ...1/2-1/2, Kasimdzhanov Rustam 2683
- Aronian Levon 2750 , Mainz 18. 8.2007 It "Chess Classic Rapid" (preliminary)
} ) 11.b4 Nxb4 12.axb4 Qxa1 13.Bb5+ Kf8 14.Ne2 a5 15.f3 Nf6 16.O-O Qe5 17.e4
dxe4 18.Bf4 Qf5 19.g4 Qg6 20.Qd2 Be6 21.Bb8 Nd5 { ? } ( { ? } 21...Bd5 22.Nf4
Qh6 23.Nxd5 Qxd2 24.Bd6+ Kg8 25.Ne7+ Kf8 26.Nd5+ Kg8 27.Ne7+ Kf8 28.Nd5+ Kg8 {
} ) 22.Nf4 Qh6 23.Nxe6+ Qxe6 24.Bd6+ Kg8 25.Bc4 exf3 26.Bxd5 Qxg4+ 27.Kh1 axb4
28.Bxf3 Qc4 29.Qg2 h5 30.Bd5 Qg4 31.Bxf7+ Kh7 32.Qc2+ g6 33.Bxg6+ { } {#r} 1-0

[Event "Ch Netherlands (team) 2007/08"]
[Site "masterchessopen.com Netherlands"]
[Date "2007.11.24"]
[Round "4"]
[White "Levin Felix (GER)"]
[Black "Bitalzadeh Ali (NED)"]
[Result "1-0"]
[WhiteElo "2552"]
[BlackElo "2362"]

1.d4 Nf6 2.c4 e6 3.Nc3 Bb4 4.Qc2 d5 5.a3 Bxc3+ 6.Qxc3 Ne4 7.Qc2 c5 8.dxc5 Nc6
9.cxd5 exd5 10.e3 Bf5 11.Bd3 Ne5 12.Nf3 Nxd3+ 13.Qxd3 Ng3 14.e4 Nxe4 15.Nd4
Bg6 16.Qb5+ Qd7 17.Be3 Rc8 18.Rc1 a6 19.Qxd7+ Kxd7 20.b4 Rhe8 21.O-O Nf6 22.h3
Ng8 23.Rfd1 Ne7 24.Nb3 Rcd8 25.Na5 Kc8 26.c6 b5 27.Nb7 d4 28.Nxd8 dxe3 29.Nb7
exf2+ 30.Kxf2 Rf8 31.c7 {#r} 1-0

[Event "It (cat.1)"]
[Site "masterchessopen.com Budapest (Hungary)"]
[Date "2007.12.03"]
[Round "3"]
[White "Werner Dimo (GER)"]
[Black "Szabo Bence (HUN)"]
[Result "0-1"]
[WhiteElo "2346"]
[BlackElo "2160"]

1.d4 Nf6 2.c4 e6 3.Nc3 Bb4 4.Qc2 d5 5.a3 Bxc3+ 6.Qxc3 Ne4 7.Qc2 c5 8.dxc5 Nc6
9.cxd5 exd5 10.Nf3 Qf6 11.e3 Bg4 12.Nd4 Bd1 13.Kxd1 Nxf2+ 14.Ke1 Nxh1 15.Nxc6
bxc6 16.g3 O-O 17.Bg2 Nxg3 18.hxg3 Rfe8 19.Qa4 Rab8 20.Qf4 Qg6 21.Kf1 Qc2
22.Kg1 Rb3 23.Qd6 Rd3 24.Qxc6 Rd1+ 25.Kh2 Rf8 26.b4 Qf5 27.e4 Qh5+ 28.Bh3 Re1
29.Qd7 Re2+ 30.Kg1 Qf3 {#R} 0-1